Mineria de Datos / Israel Viveros Cruz (Registro nro. 15814)

Detalles MARC
000 -LÍDER
fixed length control field 00523nam a2200133 4500
008 - ELEMENTOS DE LONGITUD FIJA -- INFORMACIÓN GENERAL
fixed length control field 0 2002 0a 000 0MEX
050 ## - SIGNATURA TOPOGRAFICA DE LA BIBLIOTECA DEL CONGRESO (LC)
Número de Clasificación QA76.27 M6 V5 2002
082 ## - NUMERO DE CLASIFICACION DECIMAL DEWEY
Número de Clasificación 001.422.4 V5m
100 ## - ASIENTO PRINCIPAL--NOMBRE PERSONAL
Nombre personal Viveros Cruz, Israel
245 ## - TÍTULO
Título Mineria de Datos / Israel Viveros Cruz
300 ## - DESCRIPCIÓN FÍSICA
Extensión 63 p. / 29 cm.
502 ## - NOTA DE TESIS
Nota de tesis Monografía. Opción V. I.T. Z. (Informática) M.A.R.H. Maritza Ciprian Rosario
650 ## - ASIENTO SECUNDARIO DE MATERIA - TERMINO TEMÁTICO
Término temático o nombre geográfico como elemento de entrada 1.INTELIGENCIA ARTIFICIAL \ 2.TECNICAS DE LA MINERIA DE DATOS \ 3. EJEMPLOS DE PROYECTOS DE MINERIA DE DATOS
Existencias
No. biblioteca No. biblioteca Número de clasificación Código de barras/Número de adquisición Número de copia Tipo de material
TESIS INFORMÁTICA TESIS INFORMÁTICA 001.422.4 V5m LI298-2002 1 Tesis
Calzada Tecnológico # 27, Zacatepec, Morelos.
01(734) 343-07-23 / 343-21-10 / 343-21-11
Apdo. Postal 45 C.P 62780